000 00517nam a22001577a 4500
003 NUST
038 _aNusrat Nadeem
082 _a200
100 _aAslam, Sana
_934902
245 _aUnderstanding Alternate Perspectives on Governance and Devolution in Pakistan/
_cSana Aslam,
264 _aIslamabad:
_bS3H NUST.
_c2025.
650 _aMS-Government and Public Policy
_9125323
700 _aSupervisor: Dr. Inayat Ullah
_9130653
856 _u http://10.250.8.41:8080/xmlui/handle/123456789/54958
942 _2ddc
_cSC
999 _c614837
_d614837